| 000 | 00628nam a2200205Ia 4500 | ||
|---|---|---|---|
| 005 | 20250923145306.0 | ||
| 008 | 008 250917s9999 xx 000 0 eng d | ||
| 037 | _aTextual | ||
| 040 |
_aDSWL _beng _cDSWL |
||
| 041 |
_aeng _2eng |
||
| 084 |
_aY:50aX.73'Nt, N72 _qDSWL |
||
| 245 | 0 |
_aTwo Economic Aspects of Population Change Research Report _cEd. by E.R. Morss |
|
| 260 |
_aWashington _bD.C. Govt. of Printing Office _c1972 |
||
| 300 | _axii,379 p. | ||
| 365 |
_aUSD _b3 . 7 |
||
| 700 |
_a R.H. Reed _9833752 |
||
| 925 | _g3 . 7 | ||
| 942 |
_cTEXL _hY:50aX.73'Nt, N72 |
||
| 999 |
_c1449556 _d1449556 |
||